El error de derecho en materia penal

Guardat en:
Dades bibliogràfiques
Autor principal: Schweitzer Walters, Miguel (Autor)
Format: Llibre
Idioma:espanyol
Publicat: Santiago Jurídica de Chile 1964
Col·lecció:Seminario de Derecho Penal y Medicina Legal, 3
Matèries:
Etiquetes: Afegir etiqueta
Sense etiquetes, Sigues el primer a etiquetar aquest registre!

MARC

LEADER 00000nam a2200000 a 4500
001 UCS0197
003 CL-VaPUC
008 970418e19640000CL |||||||||||||||||spa|d
082 0 4 |a 345.05  |b SCH  |2 21 
100 0 |a Schweitzer Walters, Miguel  |e author  |9 383388 
245 1 3 |a El error de derecho en materia penal 
300 |a 135 p 
942 |c BK 
945 |d 19970418 00:00:00  |a paguirre 
260 |a Santiago  |b Jurídica de Chile  |c 1964 
650 7 |a DERECHO PENAL  |2 CL-VaPUC  |9 11 
650 7 |a ERROR JUDICIAL  |2 CL-VaPUC  |9 256181 
650 7 |a ERROR DE DERECHO  |2 CL-VaPUC  |9 383389 
650 7 |a CULPABILIDAD  |2 CL-VaPUC  |9 351694 
650 0 |a Derecho romano  |9 255930 
650 7 |a DOLO  |2 CL-VaPUC  |9 383390 
650 0 |a Códigos  |9 352314 
583 |a last modification  |c 19970418 00:00:00  |k Rodrigo Vera 
490 0 |a Seminario de Derecho Penal y Medicina Legal, 3 
999 |c 258438  |d 258436 
952 |0 0  |1 0  |4 0  |6 345_050000000000000_SCH_1964  |7 0  |8 A  |9 282536  |a BIBDER  |b BIBDER  |d 2019-11-19  |i 1831720  |o 345.05 SCH 1964  |p 1831720  |r 2023-01-25  |w 2019-11-19  |y BK  |k DER